000 00563nam a22001817a 4500
005 20231114101810.0
008 231114b |||||||| |||| 00| 0 eng d
020 _a070212639 X
041 _aEnglish
082 _a345 BUR
100 _aBurchell, J and Milton, J
_lEnglish
245 _aPrinciples of Criminal Law /
_cJ Burchell and J Milton
250 _aFirst Edition
260 _aCape Town :
_bJuta and Company Ltd,
_c1991
300 _bxlvii, 669 pages ;
_c25,5 cm.
650 _aLegal practice
_bLaw
942 _cBK
_6ALISON_BN_VRIES
999 _c619
_d619